| 000 | 03161cam a2200349 a 4500 | ||
|---|---|---|---|
| 003 | EG-GiCUC | ||
| 005 | 20250223031735.0 | ||
| 008 | 170618s2016 ua dh f m 000 0 eng d | ||
| 040 |
_aEG-GiCUC _beng _cEG-GiCUC |
||
| 041 | 0 | _aeng | |
| 049 | _aDeposite | ||
| 097 | _aM.Sc | ||
| 099 | _aCai01.11.28.M.Sc.2016.Ay.R | ||
| 100 | 0 | _aAya Osama Mohamed | |
| 245 | 1 | 0 |
_aRole of power doppler in evaluation of synovial inflammation of knee joints in children with juvenile idiopathic arthritis / _cAya Osama Mohamed ; Supervised Samia Salah Eldin Mahmoud ,Yomna Mohamed Farag , Rania Hamdy Hashim |
| 246 | 1 | 5 | _aدور دو{uئإ٩١}{uئإإ٠}{uئإءإ} ا{uئإؤئ}{uئإأ٤}{uئإ٨إ}{uئإؤ٧}{uئإ٩٤} {uئإؤ٣}{uئإئ٢} {uئإ٩٧}{uئإؤ٨}{uئآئئ}{uئآئئ}{uئإإ٢} ا{uئإئآ}{uئإؤئ}{uئإ٩٨}{uئآءؤ}{uئإ٨إ}ب ا{uئإؤئ}{uئإآ٤}{uئآئئ}{uئإإ٨}{uئإإإ}{uئإؤ٣}{uئإئ٠} {uئإ٩١}{uئإإ٤}{uئإؤ٤}{uئإ٨إ}{uئإآآ}{uئإؤإ} ا{uئإؤئ}{uئإءإ}{uئإؤآ}{uئإ٩٢}{uئآءآ} {uئإؤ٣}{uئإئ٢} ا{uئإئآ}ط{uئإؤ٤}{uئإ٨إ}ل ا{uئإؤئ}{uئإإ٤}{uئإآأ}{uئإ٨إ}{uئإ٩١}{uئآئئ}{uئإإ٦} {uئإ٩١}{uئإ٨إ}{uئإؤئ}{uئإءإ}و{uئإإ٣}{uئإ٨إ}{uئإ٩٧}{uئآئئ}{uئإءء} ا{uئإؤئ}{uئإإ٤}{uئإؤ٤}{uئإآأ}{uئإإ٠}{uئإئ٠} |
| 260 |
_aCairo : _bAya Osama Mohamed , _c2016 |
||
| 300 |
_a84 P. : _bcharts , facsimiles ; _c25cm |
||
| 502 | _aThesis (M.Sc.) - Cairo University - Faculty of Medicine - Department of Pediatrics | ||
| 520 | _aObjectives: To evaluate the role of power Doppler in assessment of synovial inflammation in children with juvenile idiopathic arthritis (JIA) and the role of spectral Doppler resistivity index (RI) in grading of active synovitis in JIA and to correlate semi-quantitative power Doppler score and quantitative spectral Doppler RI index with inflammatory markers and DAS-28. Methods: A cross sectional study was done over a period of 4 months. Thirty one patients of JIA were enrolled. Evidence of arthritis in the form of swelling and tenderness were evaluated and DAS-28 was calculated. A total of 38 clinically swollen knee joints were evaluated by grey scale USG, power Doppler and spectral Doppler to measure RI within blood vessels. Results: Statistically significant correlation between US detected synovial inflammation and resistive index (RI) and between RI and activity parameters (DAS28 and ESR). Conclusions: Power Color Doppler and Spectral Doppler ultrasonography (USG) indices (RI and color fraction) can be used in monitoring disease activity and response to therapy in JIA patients | ||
| 530 | _aIssued also as CD | ||
| 653 | 4 | _aJuvenile idiopathic arthritis | |
| 653 | 4 | _aPower Color Doppler ultrasonography | |
| 653 | 4 | _aSynovial inflammation | |
| 700 | 0 |
_aRania Hamdy Hashim , _eSupervisor |
|
| 700 | 0 |
_aSamia Salah El-Din Mahmoud , _eSupervisor |
|
| 700 | 0 |
_aYomna Mohamed Farag , _eSupervisor |
|
| 856 | _uhttp://172.23.153.220/th.pdf | ||
| 905 |
_aNazla _eRevisor |
||
| 905 |
_aShimaa _eCataloger |
||
| 942 |
_2ddc _cTH |
||
| 999 |
_c61307 _d61307 |
||